|
|
|
|
| LEADER |
00000nab a2200000 ar4500 |
| 001 |
vtls009511530 |
| 003 |
SK-MaSNL |
| 005 |
20260304233814.0 |
| 008 |
250507c2008 xo |||||| ab |||| b|slo |
| 015 |
|
|
|a SNBRA2009/05
|2 snkbucl
|
| 035 |
|
|
|a (sysno)vtls009511530
|
| 035 |
|
|
|a urn:nbn:sk:snk-ab79uw
|
| 035 |
|
|
|a (uuid)0d0bfba1-777d-48b4-979c-29730c43183d
|
| 035 |
|
|
|a (urnnbn)urn:nbn:sk:snk:ar-a07c7b
|
| 038 |
|
|
|a SNKBUCL
|
| 040 |
|
|
|a SNKBUCL
|b slo
|c SNKBUCL
|e AACR2
|
| 041 |
0 |
|
|a slo
|b eng
|
| 044 |
|
|
|a xo
|c SK
|
| 080 |
|
|
|a 911.52
|x (437.6)
|2 2001
|
| 080 |
|
|
|a 502.5:574.038
|x (437.6)
|2 2001
|
| 080 |
|
|
|a 551.553.8
|x (437.6)
|2 2001
|
| 080 |
|
|
|a 004.9:91
|x (437.6)
|2 2001
|
| 100 |
1 |
|
|a Falťan, Vladimír,
|d 1975-
|4 aut
|9 21508
|
| 245 |
1 |
0 |
|a Analýza priestorovej štruktúry krajinnej pokrývky povodia Studeného potoka pred veternou kalamitou v Tatrách v novembri 2004
|c Vladimír Falťan, Drahoslav Jančuška
|
| 300 |
|
|
|b Mp.
|
| 504 |
|
|
|a Literatúra
|
| 546 |
|
|
|a Abstrakt a res. angl.
|
| 610 |
2 |
7 |
|a CORINE land cover (projekt)
|2 snkbucl
|9 28761
|
| 650 |
0 |
7 |
|a krajinná pokrývka
|2 snkbucl
|9 79783
|
| 650 |
0 |
7 |
|a priestorová štruktúra
|2 snkbucl
|9 39192
|
| 650 |
0 |
7 |
|a víchrice
|2 SNKPH
|9 31806
|
| 650 |
0 |
7 |
|a zmeny krajinnej štruktúry
|2 snkbucl
|9 1197126
|
| 650 |
0 |
7 |
|a diaľkový prieskum Zeme
|2 snkbucl
|9 69086
|
| 650 |
0 |
7 |
|a zmeny krajinnej pokrývky
|2 snkbucl
|9 106003
|
| 650 |
0 |
7 |
|a využívanie krajiny
|2 snkbucl
|9 186151
|
| 650 |
0 |
7 |
|a mapovanie využitia krajiny
|2 snkbucl
|9 1569916
|
| 650 |
0 |
7 |
|a ekologická rovnováha krajiny
|2 SNKPH
|9 4188
|
| 650 |
0 |
7 |
|a geografické informačné systémy
|2 SNKPH
|9 1861
|
| 651 |
|
7 |
|a Studený potok-povodie (Vysoké Tatry, Slovensko)
|2 snkbucl
|9 1569917
|
| 651 |
|
7 |
|a Tatranský národný park (Slovensko)
|2 SNKPHgeo
|9 106968
|
| 655 |
|
7 |
|a analýzy
|2 snkbucl
|9 22242
|
| 700 |
1 |
|
|a Jančuška, Drahoslav
|4 aut
|9 538803
|
| 773 |
0 |
|
|t Acta geographica Universitatis Comenianae. No. 51
|d Bratislava : Univerzita Komenského, 2008
|g S. 111-120
|x 0231-715X
|z 9788022324472
|
| 850 |
|
|
|a Slovenská národná knižnica
|
| 852 |
|
|
|a Slovenská národná knižnica
|
| 954 |
|
|
|a odborná, vedecká literatúra pôvodná (slovenská)
|2 lita
|
| 958 |
|
|
|a article27
|
| 958 |
|
|
|a NB
|
| 958 |
|
|
|a OND
|
| 958 |
|
|
|a EUIPO
|
| 999 |
|
|
|c 3200320
|d 3202250
|